00304nam a2200121Ia 4500008004100000041000800041082001400049100001800063245002800081260003300109300002900142365001100171240624s9999 xx 000 0 und d aeng a658.8 TAH aTAHER NASREEN aIDEA MARKETING A PRIMER c2006aHyderabadbICFAI press av, : 172 : p. : cm. ; 23 cRSb50